Final Fantasy Tactics Classes (Monsters) Quiz Stats

Quiz not verified by Sporcle

Also try: Monopoly Pieces
Challenge
Share
Tweet
Embed
Score 0/50 Timer 05:00
0 Plays Today
Family Monster % Correct
ChocoboChocobo
95.8%
ChocoboRed Chocobo
95.8%
ChocoboBlack Chocobo
92.7%
GoblinGoblin
91.7%
BombBomb
89.6%
SkeletonSkeleton
85.4%
DragonDragon
79.2%
MalboroMorbol
77.1%
BombGrenade
76%
BehemothBehemoth
76%
DragonRed Dragon
70.8%
DragonBlue Dragon
69.8%
HydraHydra
67.7%
HydraHyudra
65.6%
GoblinBlack Goblin
61.5%
CatRed Panther
56.3%
CatCuar
56.3%
SquidMindflare
56.3%
CatVampire
54.2%
BehemothKing Behemoth
53.1%
EyeballAhriman
52.1%
BullBull Demon
50%
BullMinitaurus
50%
PigUribo
47.9%
HydraTiamat
46.9%
Family Monster % Correct
SquidSquidlarkin
43.8%
GhostGhoul
43.8%
BehemothDark Behemoth
42.7%
GoblinGobbledegook
41.7%
BombExplosive
41.7%
BirdJuravis
40.6%
BullSacred
40.6%
TreeTrent
40.6%
Apanda-typeByblos
40.6%
GhostRevnant
38.5%
EyeballFlotiball
38.5%
SquidPisco Demon
37.5%
MalboroOchu
32.3%
GhostGust
32.3%
PigWildbow
32.3%
MalboroGreat Morbol
31.3%
SkeletonBone Snatch
30.2%
PigPorky
28.1%
SkeletonLiving Bone
27.1%
TreeWoodman
27.1%
RobotSteel Giant
25%
EyeballPlague
24%
BirdSteel Hawk
22.9%
TreeTaiju
19.8%
BirdCocatoris
16.7%

You're not logged in!

Compare scores with friends on all Sporcle quizzes.
Sign Up with Email
OR
Log In

You Might Also Like...

Show Comments

Extras

Top Quizzes Today


Score Distribution

Your Account Isn't Verified!

In order to create a playlist on Sporcle, you need to verify the email address you used during registration. Go to your Sporcle Settings to finish the process.

Report this User

Report this user for behavior that violates our Community Guidelines.

Details: